000 00228 a2200097 4500
001 13523
100 _aButto Z.A
245 _aForeign policy of Pakistan
260 _aKarachi
_bThe inter services press
_c
090 _c10527
_d10527
942 _aNUST-CAE
_cM
_c589
999 _c248596
_d248596